Applied correspondence analysis : an introduction

Αποθηκεύτηκε σε:
Λεπτομέρειες βιβλιογραφικής εγγραφής
Κύριος συγγραφέας: Clausen, Sten-Erik
Μορφή: Βιβλίο
Γλώσσα:English
Δημοσίευση: Thousand Oaks : Sage, 1998
Σειρά:Sage university papers series. Quantitative applications in the social sciences ; ; 121
Θέματα:
Ετικέτες: Προσθήκη ετικέτας
Δεν υπάρχουν, Καταχωρήστε ετικέτα πρώτοι!

MARC

LEADER 00000nam a2200000 i 4500
001 1/100116
008 000131s1998 eng d
020 |a 0-7619-1115-4 
035 |l 10057153 
040 |a GR-MY-UA  |b gre  |e aacr 
041 0 |a eng 
082 0 |a 519.537 
100 1 |a Clausen, Sten-Erik. 
245 1 0 |a Applied correspondence analysis :  |b an introduction /  |c Sten-Erik Clausen 
260 |a Thousand Oaks :   |b Sage,   |c 1998 
300 |a 69 p. 
490 1 |a Sage university papers series. Quantitative applications in the social sciences  |v ; 121 
504 |a Includes bibliographical references 
650 0 0 |a Correspondence analysis (Statistics) 
830 0 |a Sage university papers series. Quantitative applications in the social sciences ;  |v ; 121 
852 |a INST  |b LESVOS  |e 20000131  |h 519.537 CLA  |p 005100021889  |q 005100021889  |t BK  |y 0 
901 |a BIBL1-2000-1 
909 |a Λ  |b 071449 
922 |a 1ΕΛΗ  |b 199912  |c ΚΠΣ/ΠΜΣ  |d ΠΑΠΑΣΩΤΗΡΙΟΥ 
950 |a 157-1999-08-24 
970 |a ΚΑΜΑΤΣΟΥ  |b ΔΕΣΠΟΙΝΑ  |z 2000/02/07